Rôzne prístupy v meraní kvality softvéru v podnikovej praxi diplomová práca

Gespeichert in:
Bibliographische Detailangaben
1. Verfasser: Mucha, Miloš
Körperschaft: Fakulta hospodárskej informatiky EU. Katedra aplikovanej informatiky
Weitere Verfasser: Rakovská, Eva, 1963-
Format: Buch
Sprache:Slowakisch
Veröffentlicht: Bratislava 2022
Tags: Tag hinzufügen
Keine Tags, Fügen Sie das erste Tag hinzu!

MARC

LEADER 00000nbm a2200000 4500
001 0285961
005 20221214135353.4
041 0 |a slo 
044 |a SK 
245 1 0 |a Rôzne prístupy v meraní kvality softvéru v podnikovej praxi  |b diplomová práca  |c Miloš Mucha ; školiteľ: Eva Rakovská 
264 1 |a Bratislava  |c 2022 
300 |a 80 s. 
100 1 |a Mucha, Miloš 
700 1 |a Rakovská, Eva, 1963- 
710 2 |a Fakulta hospodárskej informatiky EU. Katedra aplikovanej informatiky